000 00490nam a22001937a 4500
003 LC
005 20170227165149.0
008 130626t xxu||||| |||| 00| 0 eng d
020 _a9718581073
050 _aBC 108
_b.Ar676 1996
082 _aFil 160
_bAr1 1996
100 _aArdales, Venancio
245 _aLogic made easy /
_cVenancio Ardales.
260 _aPhilippines
_bConcerns, Inc.
_c1996
300 _av, 167 p.
_bill. ;
_c21 cm.
562 _e1
942 _2lcc
_cBK
999 _c3136
_d3136